Дело об установлении порядка назначения пенсий семьям умерших профессоров и адъюнктов университетов

RUSMARC
00005484cbc2a2200000#x 450
00132d15c26-73e1-4696-81b7-47bb6fa250de
00520230330135252.0
100##$a20150417l18121818k l0rusy0189 ca
1010#$arus
102##$aRU
2001#$aДело об установлении порядка назначения пенсий семьям умерших профессоров и адъюнктов университетов
$j20 мая 1812 г. - 27 января 1818 г.
251##$cДело
300##$aРукописный текст. Чернила
300##$aОригинальный заголовок дела: Дело по докладу, внесенному в Комитет министров, о том, следует ли вдовам и малолетним детям заслуженных профессоров и адъюнктов, получавших пансион, продолжать производить его и пользоваться одинаковым правом, какое представлено семействам ученых, умерших в продолжении действительной службы. 20 мая 1812 г. - 27 января 1818 г.
801#0$aRU
$bРГИА
$c20150417
801#1$aRU
$bГлавНИВЦ
$c20150417
$2rusmarc
801#2$aRU
$bПБ им. Б.Н. Ельцина
$c20151229
$gRCR
$2rusmarc
850##$aФедеральное казенное учреждение "Российский государственный исторический архив"
852##$aРГИА
$j320
937##$hРГИА
$d11507392
$aASBIBLIO_SCAN
462#0$1001e0393447-ee99-4451-9c40-7ea347d74104
$12001
$aОбщие дела Департамента народного просвещения за 1802-1817 гг.
$vД. 320
$1251
$cОпись
$1852
$j86
461#0$1001a74412a3-3cc5-4d21-8f0a-dfe2fbd9e72d
$12001
$aДепартамент народного просвещения Министерства народного просвещения
$1251
$cФонд
$1852
$j733
215##$a10 листов
$d36,5х26 см
371##$aДокумент не является опубликованным и широко распространяемым
105##$ay###
1222#$ad18120520##
$ad18180127##
5171#$aДело по докладу, внесенному в Комитет министров, о том, следует ли вдовам и малолетним детям заслуженных профессоров и адъюнктов, получавших пансион, продолжать производить его и пользоваться одинаковым правом, какое представлено семействам ученых, умерших в продолжении действительной службы
$e20 мая 1812 г. - 27 января 1818 г.
035##$a32d15c26-73e1-4696-81b7-47bb6fa250de
605##$2prlib_sh
$3LIBNET\UAF\0000106770
$aСемья и традиционные семейные ценности в России как основа российской государственности
$lколлекция
605##$2acquisition_Prlib
$3DITM\AF\0000003834
$aНарод
$lколлекция
6061#$aГосударственные служащие
$jАрхивные дела
$xПенсионное обеспечение
$yРоссия
$z19 - нач. 20 вв.
$2prlib_sh
$3LIBNET\UAF\0000106770
686##$2rubbk
$a63.3(2)52-28ю1
$vLBC/M
Формат отображения